Frog Species - Statistics

General Stats
  • This quiz has been taken 39 times
  • The average score is 7 of 22
Answer Stats
Picture Answer % Correct
Red-eyed Tree Frog
79%
Tomato Frog
72%
African Bullfrog
59%
Cane Toad
55%
Vietnamese Mossy Frog
55%
American Bullfrog
48%
Australian Green Tree Frog
48%
Oriental fire-bellied toad
45%
Turtle Frog
41%
Southern Leopard Frog
31%
Budgett's Frog
28%
Goliath Frog
28%
African Clawed Frog
24%
Argentine Horned Frog
24%
Gray Tree Frog
17%
Suriname Toad
17%
Wood Frog
17%
Lake Titicaca Frog
14%
Dyeing Poison Dart Frog
10%
Golden Mantella
10%
Panamanian Golden Frog
7%
Mutable Rainfrog
3%
No matching quizzes found
Score Distribution
Percent of People with Each Score
Percentile by Number Answered
Your Score History
You have not taken this quiz